Jetpunk Tile Select - Statistics

General Stats
  • This quiz has been taken 56 times
  • The average score is 27 of 80
Answer Stats
Question Tile Select % Correct
Quizzers with more than 100,000 takes Stewart Yes
57%
Quizzers with more than 100,000 takes SWATkun No
57%
Quizzers with more than 100,000 takes happygrrl No
54%
Quizzers with more than 100,000 takes zoedad No
54%
Quizzers with more than 100,000 takes Elan No
52%
Quizzers with more than 100,000 takes elijahwade No
52%
Quizzers with more than 100,000 takes Ireland123 No
50%
Quizzers with more than 100,000 takes Gassu Yes
46%
Quizzers with more than 100,000 takes milk No
44%
Quizzers with more than 100,000 takes Alberici Yes
43%
Quizzers with English Jetpunk level 65 or higher CBTemple No
43%
Quizzers with over 100 quizzes ludimagister No
43%
Quizzers with more than 100,000 takes RPHXX No
43%
Quizzers with over 100 quizzes Nygaut No
41%
Quizzers who have never been to Europe BolyaiAnna No
39%
Quizzers with more than 100,000 takes CringeDragon Yes
39%
Quizzers with over 100 quizzes Cyn No
39%
Quizzers with over 100 quizzes dug28 No
39%
Quizzers with over 100 quizzes exotic No
39%
Quizzers who have never been to Europe katsudk No
39%
Quizzers with more than 100,000 takes Scanners Yes
39%
Quizzers with over 100 quizzes stoooopot No
39%
Quizzers with over 100 quizzes cosmokim No
37%
Quizzers with over 100 quizzes History4 Yes
37%
Quizzers with over 100 quizzes Interopia Yes
37%
Quizzers with over 100 quizzes KoljiVriVoda Yes
37%
Quizzers with more than 100,000 takes orez Yes
37%
Quizzers with over 100 quizzes Pandora49 Yes
37%
Quizzers with more than 100,000 takes Skukka Yes
37%
Quizzers with over 100 quizzes IAB Yes
35%
Quizzers who have never been to Europe interopia No
35%
Quizzers who have never been to Europe Kestrana No
35%
Quizzers with more than 100,000 takes kvkq Yes
35%
Quizzers who have never been to Europe nichster No
35%
Quizzers who made a quiz during or before 2015 IAB No
33%
Quizzers with over 100 quizzes islabonita Yes
33%
Quizzers with over 100 quizzes LBA No
33%
Quizzers who have never been to Europe overtired No
33%
Quizzers with English Jetpunk level 65 or higher relessness No
33%
Quizzers with English Jetpunk level 65 or higher SaturnPL No
33%
Quizzers who have never been to Europe Scambigol No
33%
Quizzers with English Jetpunk level 65 or higher Stewart Yes
33%
Quizzers who made a quiz during or before 2015 Aaron197 No
31%
Quizzers who have never been to Europe CBTemple Yes
31%
Quizzers who have never been to Europe Gamer1162 No
31%
Quizzers who have never been to Europe Jiaozira Yes
31%
Quizzers who made a quiz during or before 2015 joez No
31%
Quizzers with English Jetpunk level 65 or higher LBA No
31%
Quizzers who made a quiz during or before 2015 Quizzer6794 Yes
31%
Quizzers with English Jetpunk level 65 or higher scambigol Yes
31%
Quizzers who made a quiz during or before 2015 baptistegorce No
30%
Quizzers with over 100 quizzes Fouquets Yes
30%
Quizzers with English Jetpunk level 65 or higher Jerry928 Yes
30%
Quizzers who have never been to Europe kalbahamut No
30%
Quizzers with English Jetpunk level 65 or higher KoljiVriVoda No
30%
Quizzers who have never been to Europe Macaco Yes
30%
Quizzers with English Jetpunk level 65 or higher Quizzer6794 Yes
30%
Quizzers who made a quiz during or before 2015 WolfCam No
30%
Quizzers who have never been to Europe CringeDragon Yes
28%
Quizzers with English Jetpunk level 65 or higher Gamer1162 No
28%
Quizzers who made a quiz during or before 2015 relessness Yes
28%
Quizzers who have never been to Europe IAB Yes
26%
Quizzers who made a quiz during or before 2015 jp11997 Yes
26%
Quizzers who made a quiz during or before 2015 kiwirage Yes
26%
Quizzers with English Jetpunk level 65 or higher kiwirage Yes
26%
Quizzers who made a quiz during or before 2015 LukeD Yes
26%
Quizzers who made a quiz during or before 2015 Stewart No
26%
Quizzers with English Jetpunk level 65 or higher Aaron197 Yes
22%
Quizzers who have never been to Europe GeoPhilia Yes
22%
Quizzers who have never been to Europe Jato3 Yes
22%
Quizzers with English Jetpunk level 65 or higher Jiaozira Yes
22%
Quizzers with over 100 quizzes MattPunk No
22%
Quizzers who made a quiz during or before 2015 MattPunk Yes
22%
Quizzers who made a quiz during or before 2015 Pinoccio No
22%
Quizzers who made a quiz during or before 2015 scorp1970 Yes
22%
Quizzers with English Jetpunk level 65 or higher WolfCam No
22%
Quizzers who made a quiz during or before 2015 Cyn Yes
20%
Quizzers with English Jetpunk level 65 or higher Gassu Yes
20%
Quizzers who made a quiz during or before 2015 dub Yes
19%
Quizzers with English Jetpunk level 65 or higher kalbahamut Yes
17%
No matching quizzes found
Score Distribution
Percent of People with Each Score
Percentile by Number Answered
Your Score History
You have not taken this quiz